Joint production and consumption in traditional households: fuelwood and crop residues in two districts in Nepal (Record no. 26762)

000 -LEADER
fixed length control field 00516pab a2200157 454500
008 - FIXED-LENGTH DATA ELEMENTS--GENERAL INFORMATION
fixed length control field 180718b xxu||||| |||| 00| 0 eng d
100 ## - MAIN ENTRY--PERSONAL NAME
Personal name Amacher Gregory S.
245 ## - TITLE STATEMENT
Title Joint production and consumption in traditional households: fuelwood and crop residues in two districts in Nepal
362 ## - DATES OF PUBLICATION AND/OR SEQUENTIAL DESIGNATION
Dates of publication and/or sequential designation 30(1), Oct 1993, p.206-25
650 ## - SUBJECT ADDED ENTRY--TOPICAL TERM
Topical term or geographic name entry element Deforestation -- Nepal
650 ## - SUBJECT ADDED ENTRY--TOPICAL TERM
Topical term or geographic name entry element Forests -- Nepal
700 ## - ADDED ENTRY--PERSONAL NAME
Personal name Joshee Bharat R.
700 ## - ADDED ENTRY--PERSONAL NAME
Personal name Hyde William F.
773 ## - HOST ITEM ENTRY
Main entry heading Journal of Development Studies
909 ## -
-- 26762
Holdings
Withdrawn status Lost status Damaged status Not for loan Permanent Location Current Location Date acquired Barcode Date last seen Price effective from Koha item type
        Indian Institute of Public Administration Indian Institute of Public Administration 2018-07-19 AR26864 2018-07-19 2018-07-19 Articles

Powered by Koha